ՀՀ Գիտությունների ազգային ակադեմիայի հիմնարար գիտական գրադարան  =   Fundamental Scientific Library of NAS RA

ცენტრალური და ადგილობრივი სამოხელეო წყობა შუა საუკუნეების საქართველოში : (Record no. 400046)

MARC details
000 -LEADER
fixed length control field 01517nam a22002297a 4500
003 - CONTROL NUMBER IDENTIFIER
control field AM-YeHGA
040 ## - CATALOGING SOURCE
Original cataloging agency AM-YeHGA
090 ## - LOCALLY ASSIGNED LC-TYPE CALL NUMBER (OCLC); LOCAL CALL NUMBER (RLIN)
-- 402224
005 - DATE AND TIME OF LATEST TRANSACTION
control field 20250617153857.0
008 - FIXED-LENGTH DATA ELEMENTS--GENERAL INFORMATION
fixed length control field 171113s2017 gs a bd 000 0 geoo
020 ## - INTERNATIONAL STANDARD BOOK NUMBER
International Standard Book Number 9789941949784
041 0# - LANGUAGE CODE
Language code of text/sound track or separate title geo
-- eng
110 ## - MAIN ENTRY--CORPORATE NAME
Corporate name or jurisdiction name as entry element Korneli Kekelidze National Centre of Manuscripts
245 00 - TITLE STATEMENT
Title ცენტრალური და ადგილობრივი სამოხელეო წყობა შუა საუკუნეების საქართველოში :
Remainder of title ენციკლოპედიური ლექსიკონი = Central and local official order in medieval Georgia (encyclopedic dictionary) /
Statement of responsibility, etc. პროექტის ხელმძრვანელი: თამარ აბულაძე; რედაქტორი: მზია სურგულაძე; მთარგმნელი: თამარ ჟღენტი; კორნელი კეკელიძის სახელობის საქართველოს ხელნაწერთა ეროვნული ცენტრი.
246 15 - VARYING FORM OF TITLE
Title proper/short title Central and local official order in medieval Georgia (encyclopedic dictionary)
260 ## - PUBLICATION, DISTRIBUTION, ETC.
Place of publication, distribution, etc. თბილისი :
Name of publisher, distributor, etc. დაიბეჭდა შპს "სეზანში",
Date of publication, distribution, etc. 2017.
300 ## - PHYSICAL DESCRIPTION
Extent 335 p. :
Other physical details ill.
Dimensions 27 cm
500 ## - GENERAL NOTE
General note
504 ## - BIBLIOGRAPHY, ETC. NOTE
Bibliography, etc. note ბიბლიოგრაფია: გვ. 321-335
650 14 - SUBJECT ADDED ENTRY--TOPICAL TERM
Topical term or geographic name entry element Georgian monarchy
942 ## - ADDED ENTRY ELEMENTS (KOHA)
Source of classification or shelving scheme Universal Decimal Classification
Koha item type Գրքեր / Books
Holdings
Withdrawn status Lost status Source of classification or shelving scheme Damaged status Not for loan Collection Home library Current library Date acquired Total checkouts Full call number Barcode Date last seen Price effective from Koha item type Public note
    Universal Decimal Classification     General Fundamental Scientific Library Fundamental Scientific Library 22/02/2018   И III/21901 FL0459436 22/02/2018 22/02/2018 Գրքեր / Books 30 Days Loan


ՀՀ ԳԱԱ հիմնարար գիտական գրադարան
ՀՀ,Երևան 0019
Մարշալ Բաղրամյան 24/6
հեռախոս:(374-10) 52-47-50
Հետադարձ կապ

All site content, except where otherwise noted, is licensed under a
Creative Commons License